| 000 | 00400nam a2200133 4500 | ||
|---|---|---|---|
| 005 | 20260422120741.0 | ||
| 008 | 260422b |||||||| |||| 00| 0 eng d | ||
| 020 | _a0 435 57079 X | ||
| 100 | _aFullick Ann | ||
| 245 |
_aHeinemann Advanced Science: Biology _c/Ann Fullick |
||
| 260 |
_aOxford; _bHeinemann Educational Publishers Halley Court; _c1994 |
||
| 300 |
_avii,522p.ill; _c26.2cm |
||
| 942 |
_2lcc _n0 _cBK |
||
| 999 |
_c231 _d231 |
||